| 000 | 01089nac a22002651i 4500 | ||
|---|---|---|---|
| 003 | EG-ScBUE | ||
| 005 | 20250218094138.0 | ||
| 008 | 250211s1969 enka f b 001 0 eng d | ||
| 020 | _a0521076315 | ||
| 040 |
_aEG-ScBUE _beng _erda _cEG-ScBUE _dEG-ScBUE |
||
| 082 | 0 | 4 |
_a519 _bMOO _222 |
| 100 | 1 |
_aMoore, P. G. _eauthor. |
|
| 245 | 1 | 0 |
_aPrinciples of statistical techniques : _ba first course from the beginnings for schools and universities : with many examples and solutions / _cby P. G. Moore, Professor of statistics and operational research, London Graduate School of Business Studies. |
| 250 | _aSecond edition. | ||
| 264 |
_aLondon ; _aNew York, N. Y. : _bThe Syndics of the Cambridge University Press, _c1969. |
||
| 300 |
_aviii, 288 pages : _billustrations ; _c23 cm |
||
| 336 |
_2rdacontent _atext _btxt |
||
| 337 |
_aunmediated _2rdamedia _bn |
||
| 338 |
_avolume _bnc _2rdacarrier |
||
| 504 | _aIncludes bibliographical references and index. | ||
| 650 | 7 |
_aStatistics. _2BUEsh |
|
| 655 | _vReading book | ||
| 942 |
_cBB _2ddc |
||
| 999 |
_c1825 _d1825 |
||